Capital markets crises and economic collapse in emerging markets: an informational-frictions approach (Record no. 45334)

000 -LEADER
fixed length control field 00458pab a2200157 454500
008 - FIXED-LENGTH DATA ELEMENTS--GENERAL INFORMATION
fixed length control field 180718b2000 xxu||||| |||| 00| 0 eng d
100 ## - MAIN ENTRY--PERSONAL NAME
Personal name Calvo, Gullermo A.
245 ## - TITLE STATEMENT
Title Capital markets crises and economic collapse in emerging markets: an informational-frictions approach
260 ## - PUBLICATION, DISTRIBUTION, ETC.
Date of publication, distribution, etc. 2000
300 ## - PHYSICAL DESCRIPTION
Extent p.59-64
362 ## - DATES OF PUBLICATION AND/OR SEQUENTIAL DESIGNATION
Dates of publication and/or sequential designation May
650 ## - SUBJECT ADDED ENTRY--TOPICAL TERM
Topical term or geographic name entry element Financial markets
700 ## - ADDED ENTRY--PERSONAL NAME
Personal name Mendoza, Enrique G.
773 ## - HOST ITEM ENTRY
Main entry heading American Economic Review
909 ## -
-- 45334
Holdings
Withdrawn status Lost status Damaged status Not for loan Permanent Location Current Location Date acquired Serial Enumeration / chronology Barcode Date last seen Price effective from Koha item type
        Indian Institute of Public Administration Indian Institute of Public Administration 2018-07-19 Volume no: 90, Issue no: 2 AR45756 2018-07-19 2018-07-19 Articles

Powered by Koha